| 000 | 00390nam a22001457a 4500 | ||
|---|---|---|---|
| 020 | _a9780470444047 | ||
| 040 | _cNUST | ||
| 082 |
_a620.004 _bTOM |
||
| 100 |
_aTompkins, James A. _983647 |
||
| 110 |
_aWhite, John A. Bozer, Yavuz A. Tanchoco, J.M.A _983648 |
||
| 245 | _aFacilities planning | ||
| 250 | _aFOURTH EDITION | ||
| 260 |
_aUSA: _bJohn Wiley & Sons, _c2010 |
||
| 942 |
_2ddc _cBK |
||
| 999 |
_c586642 _d586642 |
||